Statistical mechanics and dynamics /

Bibliographic Details
Main Author: Eyring, Henry, 1901-1981
Format: Book
Language:English
Published: New York : Wiley, [1982]
Edition:2nd ed.
Subjects:

MARC

Tag First Indicator Second Indicator Subfields
LEADER 00000pam a2200000 a 4500
001 in00000069876
005 20151008055906.0
008 780126s1982 nyua b 00110 engm
010 |a  78001073  
020 |a 0471370428 
035 |a (OCoLC)03650283 
035 |9 AAJ4657AM 
040 |a DLC  |c DLC  |d m.c.  |d TXA  |d UtOrBLW 
049 |a TXAM  |c [1362023] 
050 0 0 |a QC174.8  |b .E96 1978 
082 0 |a 530.1/3 
100 1 |a Eyring, Henry,  |d 1901-1981. 
245 1 0 |a Statistical mechanics and dynamics /  |c Henry Eyring [and others]. 
250 |a 2nd ed. 
264 1 |a New York :  |b Wiley,  |c [1982] 
264 4 |c ©1982 
300 |a xiv, 785 pages :  |b illustrations ;  |c 24 cm. 
336 |a text  |b txt  |2 rdacontent 
337 |a unmediated  |b n  |2 rdamedia 
338 |a volume  |b nc  |2 rdacarrier 
500 |a "A Wiley-Interscience publication." 
504 |a Includes bibliographical references and indexes. 
650 0 |a Statistical mechanics. 
999 |a MARS 
999 f f |s 5c3b1c22-8575-36a7-b66d-92c95dd51aa2  |i 53a7fe9b-4eb2-3120-a269-9f996845b2e2  |t 0 
952 f f |p normal  |a Texas A&M University  |b College Station  |c Sterling C. Evans Library  |d Evans: Library Stacks  |t 0  |e QC174.8 .E96 1978  |h Library of Congress classification  |i unmediated -- volume  |m A14807907886 
998 f f |a QC174.8 .E96 1978  |t 0  |l Evans: Library Stacks